| 000 | 00454nam a2200169Ia 4500 | ||
|---|---|---|---|
| 999 |
_c41405 _d41405 |
||
| 001 | 8067 | ||
| 003 | GE_BSU | ||
| 005 | 20200117153849.0 | ||
| 008 | 181216s2012||||tu |||||||||||||| ||tur|| | ||
| 040 | _cGE_BSU | ||
| 080 | _a811.513.161 H-70 | ||
| 245 |
_aYeni HITIT Ders Kitabi B2-C1 : _bYabancilar için Türkçe / _cN.Engin UZUN. |
||
| 264 |
_aAnkara, _c2012. |
||
| 300 |
_a194 p. _b30 cm. |
||
| 653 | _aთურქული ენა | ||
| 942 |
_cBK _2udc |
||